000
00287nam a22001337a 4500
003
SGT
020
_a
81.7391-490-7
082
_a
302.23
_b
GUP
100
_a
GUPTA, OM
245
_a
BASIC ASPECTS OF MEDIA WRITING
260
_a
DELHI
_b
KANISHKA
_c
2013
300
_a
107
942
_2
ddc
_c
BK
999
_c
22083
_d
22083